<?xml version="1.0" encoding="UTF-8"?>
<record
    xmlns:xsi="http://www.w3.org/2001/XMLSchema-instance"
    xsi:schemaLocation="http://www.loc.gov/MARC21/slim http://www.loc.gov/standards/marcxml/schema/MARC21slim.xsd"
    xmlns="http://www.loc.gov/MARC21/slim">

  <leader>00799nam a22002417a 4500</leader>
  <controlfield tag="003">OSt</controlfield>
  <controlfield tag="005">20241022203915.0</controlfield>
  <controlfield tag="008">241022b        |||||||| |||| 00| 0 sp  d</controlfield>
  <datafield tag="020" ind1=" " ind2=" ">
    <subfield code="a">9682437326</subfield>
  </datafield>
  <datafield tag="040" ind1=" " ind2=" ">
    <subfield code="a">cunsuroc</subfield>
    <subfield code="b">esp</subfield>
    <subfield code="c">ana</subfield>
    <subfield code="d">ana</subfield>
  </datafield>
  <datafield tag="082" ind1=" " ind2=" ">
    <subfield code="2">3a. ed.</subfield>
    <subfield code="a">301.1 L745:3</subfield>
    <subfield code="b">1</subfield>
  </datafield>
  <datafield tag="100" ind1=" " ind2=" ">
    <subfield code="a">Lindgren, Henry Clay</subfield>
    <subfield code="9">10270</subfield>
  </datafield>
  <datafield tag="245" ind1=" " ind2=" ">
    <subfield code="a">Introducci&#xF3;n a la Psicolog&#xED;a Social</subfield>
    <subfield code="c">Lindgren, Henry Clay</subfield>
    <subfield code="h">F&#xED;sico</subfield>
  </datafield>
  <datafield tag="250" ind1=" " ind2=" ">
    <subfield code="a">3a. ed.</subfield>
  </datafield>
  <datafield tag="260" ind1=" " ind2=" ">
    <subfield code="a">M&#xE9;xico:</subfield>
    <subfield code="b">Trillas,</subfield>
    <subfield code="c">1990</subfield>
  </datafield>
  <datafield tag="300" ind1=" " ind2=" ">
    <subfield code="a">488p. : il.; </subfield>
    <subfield code="b">Biblioteca T&#xE9;cnica de psicolog&#xED;a</subfield>
    <subfield code="c">24cm. </subfield>
  </datafield>
  <datafield tag="365" ind1=" " ind2=" ">
    <subfield code="b">1</subfield>
    <subfield code="d">77.25</subfield>
    <subfield code="j">mx</subfield>
  </datafield>
  <datafield tag="504" ind1=" " ind2=" ">
    <subfield code="a">Bibliograf&#xED;a: p. 450-477</subfield>
  </datafield>
  <datafield tag="650" ind1=" " ind2=" ">
    <subfield code="2">Psicolog&#xED;a Social</subfield>
  </datafield>
  <datafield tag="700" ind1=" " ind2=" ">
    <subfield code="a">Par&#xE9;s, Nuria trad.</subfield>
    <subfield code="9">10271</subfield>
  </datafield>
  <datafield tag="700" ind1=" " ind2=" ">
    <subfield code="a">Salas, Mar&#xED;a In&#xE9;s de</subfield>
    <subfield code="9">10272</subfield>
  </datafield>
  <datafield tag="942" ind1=" " ind2=" ">
    <subfield code="2">ddc</subfield>
    <subfield code="c">BK</subfield>
    <subfield code="e">3a. ed.</subfield>
    <subfield code="h">301.1 L745:3</subfield>
    <subfield code="n">0</subfield>
  </datafield>
  <datafield tag="999" ind1=" " ind2=" ">
    <subfield code="c">3970</subfield>
    <subfield code="d">3970</subfield>
  </datafield>
  <datafield tag="952" ind1=" " ind2=" ">
    <subfield code="0">0</subfield>
    <subfield code="1">0</subfield>
    <subfield code="2">ddc</subfield>
    <subfield code="4">0</subfield>
    <subfield code="7">0</subfield>
    <subfield code="8">NFIC</subfield>
    <subfield code="a">CUM</subfield>
    <subfield code="b">CUM</subfield>
    <subfield code="c">GEN</subfield>
    <subfield code="d">2024-10-22</subfield>
    <subfield code="e">comprado</subfield>
    <subfield code="f">Estanter&#xED;a</subfield>
    <subfield code="g">77.25</subfield>
    <subfield code="i">56H2099-91/3107</subfield>
    <subfield code="l">0</subfield>
    <subfield code="o">301.1 L745:3 1</subfield>
    <subfield code="p">56HB00003107</subfield>
    <subfield code="r">2024-10-22 20:40:43</subfield>
    <subfield code="t">c. 1</subfield>
    <subfield code="w">2024-10-22</subfield>
    <subfield code="y">BK</subfield>
  </datafield>
</record>
